00267nam a2200097Ia 4500008004100000041000800041100002700049245004400076260003000120999001900150241105s9999 xx 000 0 und d aeng aJyrwa Merlinda9183199 aKhasi Culture Village in Smit Meghalaya bBNCA M Arch Digitalc2017 c361494d361494